Birthdays can be murder / Joyce Cato.
Available copies
- 1 of 1 copy available at LARL/NWRL Consortium.
Current holds
0 current holds with 1 total copy.
Show All Copies
| Location | Call Number / Copy Notes | Barcode | Shelving Location | Status | Due Date |
|---|---|---|---|---|---|
| Red Lake Falls Public Library | pb CAT (Text) | 35500005184278 | Main | Available | - |
Record details
- ISBN: 9780373267910 (pbk.)
- ISBN: 0373267916 (pbk.)
- Physical Description: 251 p. ; 17 cm.
- Publisher: Toronto ; Worldwide, 2012.
Content descriptions
| General Note: | Originally published: London : Robert Hale, 2010. |
| Summary, etc.: | Hired to cater the birthday party of wealthy twins ... Read More |
Search for related items by subject
| Subject: | Women cooks > England > Fiction. Women detectives > England > Fiction. Murder > Investigation > Fiction. England > Fiction. |
| Genre: | Mystery fiction. |
Search for related items by series
| LDR | 01346nam a2200349Ia 4500 | ||
|---|---|---|---|
| 001 | 146601 | ||
| 003 | LARL_NWRL_CONSORTIUM | ||
| 005 | 20121005161053.0 | ||
| 008 | 120410r20122010onc 000 f eng d | ||
| 020 | . | ‡a9780373267910 (pbk.) | |
| 020 | . | ‡a0373267916 (pbk.) | |
| 035 | . | ‡a(OCoLC)785209227 | |
| 049 | . | ‡aNRGB | |
| 082 | 0 | 4. | ‡a823.92 ‡222 |
| 100 | 1 | . | ‡aCato, Joyce. |
| 245 | 1 | 0. | ‡aBirthdays can be murder / ‡cJoyce Cato. |
| 260 | . | ‡aToronto ; ‡aNew York : ‡bWorldwide, ‡c2012. | |
| 300 | . | ‡a251 p. ; ‡c17 cm. | |
| 490 | 0 | . | ‡aTraveling cook mystery |
| 490 | 0 | . | ‡aWorldwide mystery |
| 500 | . | ‡aOriginally published: London : Robert Hale, 2010. | |
| 520 | . | ‡aHired to cater the birthday party of wealthy twins Alicia and Justin Greer, chef Jenny Sterling finds herself investigating murder with an ample lists of suspects after a champagne toast leaves Justin dead and his sister clinging to life. | |
| 650 | 0. | ‡aWomen cooks ‡zEngland ‡vFiction. | |
| 650 | 0. | ‡aWomen detectives ‡zEngland ‡vFiction. ‡0(LARL_NWRL_CONSORTIUM)167914 | |
| 650 | 0. | ‡aMurder ‡xInvestigation ‡vFiction. ‡0(LARL_NWRL_CONSORTIUM)166203 | |
| 651 | 0. | ‡aEngland ‡vFiction. | |
| 655 | 7. | ‡aMystery fiction. ‡2gsafd | |
| 901 | . | ‡a146601 ‡bOCLC ‡c146601 ‡tbiblio | |

Add to basket
Permalink
Disable Highlighting